Nové Město nad Metují /

Hlavní autor: Pavel, Jakub, 1903-1974
Jazyk: Čeština
Vydáno: Pardubice : Krajské středisko státní památkové péče a ochrany přírody, 1968
Témata:
Fyzický popis: 10 nečíslovaných stran : ilustrace ; 12°
Knihy
Uloženo v:
LEADER 01308nam a22003492i 4500
001 000286645
003 CZ BrMZK
005 20180110140710.0
007 ta
008 980105s1968 xr a e f cze d
015 |a cnb000425800 
035 |a (OCoLC)42149132 
040 |a ABA001  |b cze  |c ABA001  |d ABA001  |d BOA001  |e rda 
043 |a e-xr---  |b e-xr-kr  |2 czenas 
072 7 |a 913(437)  |x Geografie Česka a Slovenska, reálie, cestování  |2 Konspekt  |9 7 
080 |a 913:338.483.1  |2 MRF 
080 |a (437.313)  |2 MRF 
080 |a (036)  |2 MRF 
100 1 |a Pavel, Jakub,  |d 1903-1974  |7 jk01092020  |4 aut 
245 1 0 |a Nové Město nad Metují /  |c text Jakub Pavel ; snímky V. Heckel 
264 1 |a Pardubice :  |b Krajské středisko státní památkové péče a ochrany přírody,  |c 1968 
300 |a 10 nečíslovaných stran :  |b ilustrace ;  |c 12° 
336 |a text  |b txt  |2 rdacontent 
337 |a bez média  |b n  |2 rdamedia 
338 |a svazek  |b nc  |2 rdacarrier 
650 0 7 |a turistické zajímavosti  |7 ph126800  |z Česko  |2 czenas 
651 7 |a Nové Město nad Metují (Česko)  |7 ge130228  |2 czenas 
655 7 |a informační publikace  |7 fd132454  |2 czenas 
910 |a BOA001  |b X-0633.062 
990 |a BK 
991 |b 201710 
996 6 |b 2619883511  |c X-0633.062  |l MZK  |r Sklad / do 24 hodin  |n 3  |w 000286645  |u 000010  |a 1  |e BOA001  |j MZK50  |s P